| 000 | 01274nam a2200265 a 4500 | ||
|---|---|---|---|
| 001 | BRCA_7922 | ||
| 005 | 20190320210043.0 | ||
| 008 | 050314s2013----sp-ao##f##---#001-0#spa-# | ||
| 020 | _a9788489895331 | ||
| 041 | _aspa | ||
| 044 | _asp | ||
| 050 | 4 |
_aNK2150 _b.K44 2013 |
|
| 100 | 1 |
_aKhemir, Sabiha Al _919595 |
|
| 245 | 1 | 0 |
_aLuz Nur _bla luz en el arte y la ciencia del mundo islámico _cSabiha Al Khemir ; traducción María Luisa Balseiro. |
| 260 |
_aSevilla _bFundación Focus Abengoa _c2013 |
||
| 300 |
_a301 p. _bil. a color _c32 cm. |
||
| 500 | _aIncluye índice de obras | ||
| 500 | _aCatálogo de la exposición realizada en la Fundación Focus-Abengoa (Sevilla), 26 octubre, 2013 - 9 febrero, 2014 y en Dallas Museum of Art (Dallas, Texas), 30 marzo - 29 junio, 2014 | ||
| 500 | _aPublicación editada con motivo de la exposición Nur: La luz en el arte y la ciencia del mundo islámico organizada por la Fundación Focus-Abengoa, Sevilla, España, en colaboración con el Dallas Museum of Art, Dallas, Texas, Estados Unidos | ||
| 650 | 1 | 4 |
_aDecoración y ornamentación islámica _zEspaña _919596 |
| 650 | 1 | 4 |
_aArte islámico _zEspaña _919597 |
| 650 | 1 | 4 |
_aArtes decorativas _zEspaña _911687 |
| 700 | 1 |
_aBalseiro, María Luisa _etr. _91445 |
|
| 942 |
_2lcc _cB |
||
| 999 |
_c7592 _d7592 |
||